Football Teams by Every UEFA Member (Hard) - Statistics

General Stats
  • This quiz has been taken 19 times
  • The average score is 23 of 55
Answer Stats
Club Country % Correct
AaB Denmark
67%
Barrow AFC England
67%
Bohemian FC Ireland
67%
Odds BK Norway
61%
Grazer AK Austria
56%
HNK Šibenik Croatia
56%
Pärnu JK Vaprus Estonia
56%
IK Sirius Sweden
56%
Yverdon-Sport FC Switzerland
56%
Çorum FK Türkiye
56%
FK Pardubice Czechia
50%
FC Haka Finland
50%
Aubagne FC France
50%
Europa Point FC Gibraltar
50%
Fylkir Iceland
50%
MFK Skalica Slovakia
50%
FC Urartu Armenia
44%
FK Igman Konjic Bosnia and Herzegovina
44%
POFC Botev Vratsa Bulgaria
44%
PAS Lamia Greece
44%
Paksi FC Hungary
44%
FC Bălți Moldova
44%
Portadown FC Northern Ireland
44%
Airdrieonians FC Scotland
44%
Karmiotissa FC Cyprus
39%
07 Vestur Faroe Islands
39%
SC Verl Germany
39%
FC Ferizaj Kosovo
39%
FC Triesen Liechtenstein
39%
TOP Oss Netherlands
39%
FKS Stal Mielec Poland
39%
AVS Futebol SAD Portugal
39%
CD Eldense Spain
39%
Sabail FK Azerbaijan
33%
SFC Slutsk Belarus
33%
FCV Dender EH Belgium
33%
Bnei Sakhnin FC Israel
33%
DFK Dainava Lithuania
33%
Naxxar Lions FC Malta
33%
FK Arsenal Tivat Montenegro
33%
FC Hermannstadt Romania
33%
FC Akron Tolyatti Russia
33%
FK Jedinstvo Ub Serbia
33%
NK Bravo Slovenia
33%
Penybont FC Wales
33%
Feralpisalò Italy
28%
FC Kaisar Kazakhstan
28%
FK Tukums 2000 Latvia
28%
GFK Tikvesh North Macedonia
28%
SC Faetano San Marino
28%
KF Bylis Albania
22%
FC Ordino Andorra
22%
FC Telavi Georgia
22%
FC Victoria Rosport Luxembourg
22%
NK Veres Rivne Ukraine
22%
No matching quizzes found
Score Distribution
Percent of People with Each Score
Percentile by Number Answered
Your Score History
You have not taken this quiz